BUBT Library Online Catalog

The Specific Relief Act/ (Record no. 4024)

000 -LEADER
fixed length control field 00595nam a2200217Ia 4500
003 - CONTROL NUMBER IDENTIFIER
control field BUBTL
008 - FIXED-LENGTH DATA ELEMENTS--GENERAL INFORMATION
fixed length control field 151213s9999 xx 000 0 und d
020 ## - INTERNATIONAL STANDARD BOOK NUMBER
International Standard Book Number 9848711125
082 ## - DEWEY DECIMAL CLASSIFICATION NUMBER
Classification number 347.5491077/ Z52s/ 2013
100 ## - MAIN ENTRY--PERSONAL NAME
Personal name Zerin, Syeda Afroza
9 (RLIN) 4579
245 ## - TITLE STATEMENT
Title The Specific Relief Act/
Statement of responsibility, etc. Syeda Afrza Zerin
250 ## - EDITION STATEMENT
Edition statement 4th ed
260 ## - PUBLICATION, DISTRIBUTION, ETC. (IMPRINT)
Place of publication, distribution, etc. Dhaka
Name of publisher, distributor, etc. Shams Publication
Date of publication, distribution, etc. c2013
300 ## - PHYSICAL DESCRIPTION
Extent 280p. :
Other physical details 21cm
500 ## - GENERAL NOTE
General note Includes Index
650 ## - SUBJECT ADDED ENTRY--TOPICAL TERM
Topical term or geographic name as entry element Law
700 ## - ADDED ENTRY--PERSONAL NAME
Numeration Syeda Afrza Zerin
9 (RLIN) 4580
856 ## - ELECTRONIC LOCATION AND ACCESS
Password 0
Logon 0
Link text Download
942 ## - ADDED ENTRY ELEMENTS (KOHA)
Source of classification or shelving scheme
Koha item type Books
Holdings
Withdrawn status Lost status Source of classification or shelving scheme Damaged status Not for loan Collection code Permanent location Current location Shelving location Date acquired Source of acquisition Inventory number Total Checkouts Full call number Barcode Date last seen Date last checked out Copy number Price effective from Koha item type
          Non-fiction Bangladesh University of Business and Technology Library Bangladesh University of Business and Technology Library Law Stacks 09/06/2014 Purchase 7649 1 347.5491077/ Z52s/ 2013 BUBTL-20037649 10/12/2023 10/09/2023 C-1 05/25/2022 Books

More Information About Library

Library Hours

  • Open: 9.00 am. to 9.00 pm.
  • Only Sunday: 9.00 am. to 6.00 pm.
  • Closed: Holiday

Contact to the University

Bangladesh University of Business and Technology Library

  • Mirpurl-2, 1216.
  • Phone:
  • Fax:
  • E-Mail: admin.library@bubt.edu.bd

Contact to the Library

Contact Person:

Md. Abdul Hakim Shah
Joint Librarian
PABX No:  113
Cell No: 01816332931
E-mail: official: admin.library@bubt.edu.bd
Personal: hakim.shah@bubt.edu.bd


BUBT Library

Copyright © 2021